| 000 | 00561nam a2200181 a 4500 | ||
|---|---|---|---|
| 001 | 000045700 | ||
| 005 | 20240412074304.0 | ||
| 008 | 091116s2004 dr ac 000 j spa d | ||
| 040 |
_aDO-SdBNP _bspa _cBNPHU |
||
| 082 |
_aRD863.44 _bR175a |
||
| 100 | 1 |
_aRamos, Emeralda _d1948- _973759 |
|
| 245 | 1 | 0 |
_aAngelario urbano / _cEmeralda Ramos. |
| 250 | _a2a. ed. | ||
| 260 |
_aSan Francisco de Macorís, República Dominicana : _bÁngeles de fierro, _c2004. |
||
| 300 |
_a58 p. ; _c19 cm. |
||
| 650 | 0 |
_aCuentos dominicanos _9176 |
|
| 650 | 0 |
_aLiteratura dominicana. _967 |
|
| 999 |
_c45189 _d45189 |
||